Biologicky aktívne látky v životnom a pracovnom prostredí

Salvato in:
Dettagli Bibliografici
Autore principale: Porubänová, Patrícia (Autore)
Altri autori: Sirotiak, Maroš (Relatore della tesi)
Natura: Manoscritto Libro
Lingua:slovacco
Pubblicazione: 2016
Soggetti:
Accesso online:http://is.stuba.sk/zp/portal_zp.pl?podrobnosti=132052
Tags: Aggiungi Tag
Nessun Tag, puoi essere il primo ad aggiungerne!!

MARC

LEADER 00000ntm a22000003a 4500
001 stuzp58095
003 SK-STU
005 20160719155449.4
007 ta
008 150427s2015----xo-----f-mn---000-0-slo-d
040 |a STU  |b slo 
041 0 |a slo 
100 1 |a Porubänová, Patrícia  |u 065000  |4 aut  |U MTF Materiálovotechnologická fakulta  |T MTF Ústav integrovanej bezpečnosti  |X 43569  |U M5000  |Y 85  |7 A0000043569 
242 0 1 |a Biologically active substances in living and working enviroment  |y eng 
245 1 0 |a Biologicky aktívne látky v životnom a pracovnom prostredí 
260 |c 2016 
650 4 |a HPLC  |2 slo 
650 4 |a UV-VIS  |2 slo 
650 4 |a antioxidanty  |2 slo 
650 4 |a vitamíny  |2 slo 
650 4 |a prídavné látky  |2 slo 
650 4 |a HPLC  |2 eng 
650 4 |a antioxidants  |2 eng 
650 4 |a UV-VIS  |2 eng 
650 4 |a vitamins  |2 eng 
650 4 |a additives  |2 eng 
700 1 |a Sirotiak, Maroš  |u 065100  |k Z1  |4 ths  |U MTF Ústav integrovanej bezpečnosti  |T MTF Katedra environmentálneho inžinierstva  |X 3580  |U M5100  |Y 194  |7 A000003580 
856 4 |u http://is.stuba.sk/zp/portal_zp.pl?podrobnosti=132052 
996 |c M* BP-7519  |l MMSKP  |s P  |a 0  |w stuzp58095_0001 
SQL |a stuzp58095  |b DBP  |c SLO  |d Biologicky aktívne látky v životnom a pracovnom prostredí  |e 43569  |f Porubänová, Patrícia  |g 065000  |h 3580  |i Sirotiak, Maroš  |j 20160620  |k 1486  |l 06  |m http://is.stuba.sk/zp/portal_zp.pl?podrobnosti=132052  |n B-IBE  |o 8.3.5. bezpečnosť a ochrana zdravia pri práci